Top 10 US counties with highest population - Statistics

General Stats
  • This quiz has been taken 20 times
  • The average score is 8 of 10
Answer Stats
Hint Population Answer % Correct
Illinois 5,182,617 Cook
94%
California 9,757,179 Los Angeles
94%
California 3,170,435 Orange
89%
Florida 2,838,461 Miami-Dade
83%
Texas 2,656,028 Dallas
78%
Texas 5,009,302 Harris
78%
Arizona 4,673,096 Maricopa
78%
California 3,298,799 San Diego
78%
New York 2,617,631 Kings
72%
California 2,529,933 Riverside
61%
No matching quizzes found
Score Distribution
Percent of People with Each Score
Percentile by Number Answered
Your Score History
You have not taken this quiz